00530nam a22001697a 450000500170000000800410001704000210005804100080007908200170008710000290010424500920013325000120022526000400023730000100027765000430028770000300033020230626142125.0230626b ||||| |||| 00| 0 eng d aIN-DiNCcIN-DiNC dasm a796.092bBAR aBarthakur, Jintueauthor aAntarjatik krirakhetrat sota dashakar Asamiya/cby Jintu Barthakur and Chiranjib Sharma a1st ed. aGuwahati:bChiranjib Sharma,c2009. a208p. aInternational sports person from Assam aSharma, Chiranjibeauthor